|
|
|
|
| LEADER |
02297njm a2200541 a 4500 |
| 001 |
000266736 |
| 003 |
CZ BrMZK |
| 005 |
20140416101028.0 |
| 008 |
950101s1984 gw f ger d |
| 028 |
0 |
3 |
|a 415 158-2
|b Deutsche Grammophon
|
| 028 |
0 |
3 |
|a 415 159-2
|b Deutsche Grammophon
|
| 028 |
0 |
3 |
|a 415 156-2
|b Deutsche Grammophon
|
| 028 |
0 |
3 |
|a 415 157-2
|b Deutsche Grammophon
|
| 040 |
|
|
|a BOA001
|b cze
|
| 080 |
|
|
|a 782.1(430)(086.7)
|2 MRF
|
| 080 |
|
|
|a 792.54(086.7)
|2 MRF
|
| 100 |
1 |
|
|a Wagner, Richard,
|d 1813-1883
|7 jn19981002383
|4 cmp
|
| 245 |
1 |
4 |
|a Der Ring des Niebelungen.
|p Götterdämmerung
|h [zvukový záznam] /
|c Richard Wagner.
|
| 246 |
3 |
1 |
|a Crepuscule des Dieux
|
| 246 |
3 |
1 |
|a Soumrak bohů
|
| 246 |
3 |
|
|a Twilight Of The Gods
|
| 246 |
3 |
1 |
|a Götterdämmerung
|
| 260 |
|
|
|a Hamburg :
|b Deutsche Grammophon,
|c p1970, c1984
|
| 300 |
|
|
|a 4 CD :
|b stereo, ADD ;
|c 12 cm +
|e 1 brožura (173 s.).
|
| 500 |
|
|
|a Durata neuv
|
| 500 |
|
|
|a Text a libreto v brožuře vícejaz.
|
| 500 |
|
|
|a Nahr. neuv
|
| 511 |
0 |
|
|a Anna Reynolds, zpěv; Catarina Ligendza, zpěv; Christa Ludwig, zpěv...[et al.]. Berliner Philharmoniker, dir. Herbert von Karajan.
|
| 653 |
0 |
|
|a německé operní texty
|a opery
|
| 700 |
1 |
|
|a Chookasian, Lili
|4 prf
|
| 700 |
1 |
|
|a Dernesch, Helga,
|d 1939-
|7 pna2007383944
|4 prf
|
| 700 |
1 |
|
|a Janowitz, Gundula,
|d 1937-
|7 mzk2004243638
|4 soprán
|
| 700 |
1 |
|
|a Karajan, Herbert von,
|d 1908-1989
|7 jn20000700850
|4 cnd
|
| 700 |
1 |
|
|a Kelemen, Zoltán,
|d 1926-1979
|7 xx0089474
|4 prf
|
| 700 |
1 |
|
|a Ligendza, Catarina,
|d 1937-
|7 xx0160012
|4 prf
|
| 700 |
1 |
|
|a Ludwig, Christa,
|d 1928-2021
|7 js20040510006
|4 prf
|
| 700 |
1 |
|
|a Moser, Edda,
|d 1938-
|7 xx0140915
|4 prf
|
| 700 |
1 |
|
|a Rebmann, Liselotte,
|d 1935-2011
|7 mzk2014816874
|4 prf
|
| 700 |
1 |
|
|a Reynolds, Anna,
|d 1931-2014
|7 mzk2014816896
|4 prf
|
| 700 |
1 |
|
|a Ridderbusch, Karl,
|d 1932-1997
|7 mzk2009521959
|4 prf
|
| 700 |
1 |
|
|a Stewart, Thomas,
|d 1928-2006
|7 ola2003175104
|4 prf
|
| 700 |
1 |
|
|a Brilioth, Helge,
|d 1931-1998
|7 mzk2014816888
|4 prf
|
| 710 |
2 |
|
|a Berliner Philharmoniker
|7 kn20020506005
|4 prf
|
| 710 |
2 |
|
|a Deutsche Oper Berlin.
|b Chor
|7 xx0075272
|
| 910 |
|
|
|a BOA001
|b CD-0001.836,4
|
| 964 |
|
|
|a Opery
|x texty německé
|x CD
|
| 990 |
|
|
|a AV
|
| 996 |
6 |
|
|b 261H006443
|c CD-0001.836,4
|l MZK
|r Sklad / do 24 hodin
|n 1
|w 000266736
|u 000010
|a 1
|e BOA001
|j MZK50
|s P
|